Statistiques concernant Toutes les races de chiens qui commence par D

Cliquez ici pour prendre le quiz!

Statistiques générales

  • Ce quiz a été pris 33 fois
  • Le résultat moyen est 3 sur 10

Statistiques - réponses

Réponse% Correct
Dalmatien
100%
Dobermann
57%
Dogue de Bordeaux
50%
Dogue Allemand
46%
Dogue Argentin
43%
Dogue du Tibet
21%
Dogue de Majorque
11%
Dogo Canario
7%
Dandie-Dinmont-Terrier
4%
Drever
4%

Distribution des résultats

Percentile par nombre de réponses

% des personnes avec chaque résultat

Votre développement - résultats

Vous n’avez pas pris ce quiz